000 00446nam a22001697a 4500
003 CEME
005 20210628201950.0
008 210129b xxu||||| |||| 00| 0 eng d
040 _c.
082 _a954.91 PIR
100 _aSyed Sharifuddin Pirzada,Pirzada, Syed Sharifuddin
_957631
245 _aEvolution of pakistan
260 _aKARACHI
_bROYAL BOOK
_c1995
300 _a417P
650 _aEVOLUTION OF PAKISTAN.
_957632
942 _cBK
_2ddc
999 _c567901
_d567901